Online Catalogue and eLibrary

Mahabharata : (Record no. 691)

MARC details
000 -LEADER
fixed length control field 00421nam a2200145Ia 4500
005 - DATE AND TIME OF LATEST TRANSACTION
control field 20240625012614.0
008 - FIXED-LENGTH DATA ELEMENTS--GENERAL INFORMATION
fixed length control field 240331s9999 xx 000 0 und d
082 ## - DDC Classification
Class No. 100
Item Number - Author Mark SWA
100 ## - MAIN ENTRY--PERSONAL NAME
Personal name Chidbhavananda, Swami
245 #0 - TITLE STATEMENT
Title Mahabharata :
Remainder of title The philosophy of Humanity for the use of college students
260 ## - PUBLICATION, DISTRIBUTION, ETC.
Place of publication, distribution, etc. Tirupparaitturai
Name of publisher, distributor, etc. Sri Ramakrishna Tapovanam
Date of publication, distribution, etc. 1973
300 ## - PHYSICAL DESCRIPTION
Extent (e.g. Volumes, Pages etc.) 268 p.,
650 ## - SUBJECT ADDED ENTRY--TOPICAL TERM
Topical term or geographic name entry element Philosophy
942 ## - Koha item type (Biblio)
Koha item type Books in Stacks (Lending)
Holdings
Lost status Damaged status Collection code Home library Current library Shelving location Date acquired Full call number Accession Number Item type
    Lending WERC Library WERC Library Social Science Cupboard 03/31/2024 100 CHI 702 Books in Stacks (Lending)

© WERC Library